True love / (Record no. 1390)

MARC details
000 -LEADER
fixed length control field 00573cam a2200241 a 4500
005 - DATE AND TIME OF LATEST TRANSACTION
control field 20260322212058.0
008 - FIXED-LENGTH DATA ELEMENTS--GENERAL INFORMATION
fixed length control field data
010 ## - LIBRARY OF CONGRESS CONTROL NUMBER
LC control number 96044625
020 ## - INTERNATIONAL STANDARD BOOK NUMBER
International Standard Book Number 0060187840
020 ## - INTERNATIONAL STANDARD BOOK NUMBER
International Standard Book Number 9780060187842
040 ## - CATALOGING SOURCE
Original cataloging agency DLC
Transcribing agency DLC
Modifying agency DLC
050 00 - LIBRARY OF CONGRESS CALL NUMBER
Classification number BD436
Item number .T78 1997
082 00 - DEWEY DECIMAL CLASSIFICATION NUMBER
Classification number 306.7
Edition information 21
092 ## - LOCALLY ASSIGNED DEWEY CALL NUMBER (OCLC)
Classification number 306.7 T78 1997
001 - CONTROL NUMBER
control field data
245 10 - TITLE STATEMENT
Title True love /
Statement of responsibility, etc. Robert Fulghum.
250 ## - EDITION STATEMENT
Edition statement 1st ed.
260 ## - PUBLICATION, DISTRIBUTION, ETC.
Place of publication, distribution, etc. New York :
Name of publisher, distributor, etc. HarperCollinsPublishers,
Date of publication, distribution, etc. c1997.
300 ## - PHYSICAL DESCRIPTION
Extent 213 p. ;
Dimensions 22 cm.
650 #0 - SUBJECT ADDED ENTRY--TOPICAL TERM
Topical term or geographic name entry element Love.
650 #0 - SUBJECT ADDED ENTRY--TOPICAL TERM
Topical term or geographic name entry element Love
General subdivision Anecdotes.
700 1# - ADDED ENTRY--PERSONAL NAME
Personal name Fulghum, Robert.
Holdings
Withdrawn status Lost status Damaged status Not for loan Home library Current library Shelving location Date acquired Total checkouts Full call number Barcode Date last seen Price effective from Koha item type
        Fairfield Fairfield General stacks 22/03/2026   306.7 21 BC0011436 22/03/2026 22/03/2026 Books